=LDR 00000nam 2200000 4500 =001 INLIS000000000053432 =005 20181018112737 =035 ##$$a 0010-1018000047 =245 1#$$a PERTUMBUHAN EKONOMI DAN KEMISKINAN : $b Kebijakan dan Tantangan Masa Depan /$c Aunur Rofiq =100 #$$a Aunur Rofiq =250 ##$$a Ed. 1 =300 ##$$a 191 hlm : $b Ilus ; $c 15x23 cm =260 ##$$a Jakarta :$b Republika Penerbit,$c 2014 =082 ##$$a 338.9 =084 ##$$a 338.9 AUN p =020 ##$$a 978-602-8997-83-6 =650 ##$$a Pertumbuhan Ekonomi